000 00603nam a2200157 a 4500
008 121022s2005 ||||||||||||||||| || u
020 _a0620346728
050 _aJC 571 COM
110 _aCenter for Human Rights
245 1 0 _aCompendium of key human rights documents of the African Union
260 _aSouth Africa:
_bPretoria University Law Press
_c2005
300 _aviii, 267p.: ill.
650 _aAFRICAN UNION
650 _aHUMAN RIGHTS--AFRICA
995 _aSPECIAL COLLECTIONS
_e500255
_FCBU-DAG HAMMARSKJOLD INSTITUTE LIBRARY
_jDAG JC 571 COM
_M1
_UAVAILABLE
_WNov 19, 2012
_y500255
_ZDHIPS Book Collection
999 _c164
_d164